(The) Political Economy of Food Aid (Record no. 6951)

000 -LEADER
fixed length control field 00286nam a2200109Ia 4500
008 - FIXED-LENGTH DATA ELEMENTS--GENERAL INFORMATION
fixed length control field 201217s9999 xx 000 0 und d
100 ## - MAIN ENTRY--PERSONAL NAME
Personal name Cathie, John
245 #0 - TITLE STATEMENT
Title (The) Political Economy of Food Aid
260 ## - PUBLICATION, DISTRIBUTION, ETC.
Place of publication, distribution, etc. Aldershot
Name of publisher, distributor, etc. Gower Publishing Company Limited
300 ## - PHYSICAL DESCRIPTION
Extent 190
942 ## - ADDED ENTRY ELEMENTS (KOHA)
Koha item type Books
Holdings
Withdrawn status Lost status Damaged status Not for loan Permanent Location Date acquired Full call number Barcode Date last seen Price effective from Koha item type
        IMU Kolkata 2020-12-17 338.19 C3632 PM02049 2020-12-17 2020-12-17 Books
Designed and Maintained by IMU-KC Library, Kolkata Campus © Copyright All Rights Reserved

webs counters

Powered by Koha